00329nam a2200133Ia 4500003000400000005001700004008004100021040000600062082001900068100002000087245003600107260004100143300001100184OSt20250604141126.0250310s9999||||xx |||||||||||||| ||und|| c. a823.914bG6621 aGordon, Richard 0aDoctor at sea /cRichard Gordon aLondon :bMichael Joseph ltd,c1969. a219 p.